Segni zodiacali senza indizi - Statistics

Statistiche generali
  • Questo quiz è stato fatto 490 volte
  • Il punteggio medio è 11 su 12
Statistiche sulle risposte
Risposta % Corretto
Pesci
95%
Cancro
93%
Leone
93%
Gemelli
92%
Aquario
91%
Toro
91%
Bilancia
90%
Sagittario
90%
Capricorno
89%
Vergine
89%
Ariete
88%
Scorpione
88%
Nessun quiz corrispondente trovato
Distribuzione punteggi
Percentuale di utenti per punteggio
Percentile per numero di risposta
I tuoi punteggi nel tempo
Non hai fatto questo quiz